Online
Catalog

Fichas de identidad : (Record no. 56286)

MARC details
000 -CABECERA
campo de control de longitud fija 01652nam a22003377i 4500
003 - IDENTIFICADOR DEL NÚMERO DE CONTROL
campo de control DO-SdBNP
005 - FECHA Y HORA DE LA ÚLTIMA TRANSACCIÓN
campo de control 20251014175549.0
007 - CAMPO FIJO DE DESCRIPCIÓN FÍSICA--INFORMACIÓN GENERAL
campo de control de longitud fija ta
008 - DATOS DE LONGITUD FIJA--INFORMACIÓN GENERAL
campo de control de longitud fija 240408b2016 dr a|||| |||| 00| j spa d
020 ## - NÚMERO INTERNACIONAL ESTÁNDAR DEL LIBRO
Número Internacional Estándar del Libro 9789993467984
040 ## - FUENTE DE LA CATALOGACIÓN
Centro catalogador/agencia de origen DO-SdBNP
Lengua de catalogación spa
Centro/agencia transcriptor BNPHU
Normas de descripción rda
041 ## - CÓDIGO DE LENGUA
Código de lengua del texto/banda sonora o título independiente spa
082 #4 - NÚMERO DE LA CLASIFICACIÓN DECIMAL DEWEY
Número de clasificación RD863.44
Número de documento/Ítem A445f
Número de edición 22
100 1# - ENTRADA PRINCIPAL--NOMBRE DE PERSONA
Nombre de persona Almánzar Rodríguez, Armando,
Fechas asociadas al nombre 1935-
Término indicativo de función/relación autor
Código de función/relación aut.
9 (RLIN) 19523
245 10 - MENCIÓN DE TÍTULO
Título Fichas de identidad :
Resto del título cuentos /
Mención de responsabilidad, etc. Armando Almánzar R. ; ilustraciones, Miguel Cepeda ; Diseño y arte final, Ninón León de Saleme ; corrección de pruebas, Lina Cordero, Juan Freddy Armando ; presentación, Enrique Ramírez Paniagua ; prólogo, Luis Martín Gómez.
264 #1 - PRODUCCIÓN, PUBLICACIÓN, DISTRIBUCIÓN, FABRICACIÓN Y COPYRIGHT
Producción, publicación, distribución, fabricación y copyright Santo Domingo, República Dominicana
Nombre del de productor, editor, distribuidor, fabricante Impresión Amigo del Hogar,
-- Banreservas,
Fecha de producción, publicación, distribución, fabricación o copyright 2016.
300 ## - DESCRIPCIÓN FÍSICA
Extensión 138 páginas :
Otras características físicas lustraciones,
Dimensiones 27 cm.
336 ## - TIPO DE CONTENIDO
Término de tipo de contenido texto
Código de tipo de contenido txt
Fuente rdacontent
337 ## - TIPO DE MEDIO
Nombre/término del tipo de medio sin mediación
Código del tipo de medio n
Fuente rdamedia
338 ## - TIPO DE SOPORTE
Nombre/término del tipo de soporte volumen
Código del tipo de soporte nc
Fuente rdacarrier
500 ## - NOTA GENERAL
Nota general Incluye datos biográficos del autor en las solapas
505 ## - NOTA DE CONTENIDO CON FORMATO
Nota de contenido con formato Presentación, 13. Prólogo, 15 Cuentos, 19. Rutina, 31. Correos, 37. Desaparecido, 42. Mercí, 61. Príncipe, 63. Esperar, 73. Delirio, 77. Amadeo, 85. Penthouse, 91. Maquinación, 99. Génesis, 105. Pío, 111. Locación, 117. Ambición, 127
590 ## - NOTA LOCAL (RLIN)
Nota local Inventariado, 2024 /LP
650 #4 - PUNTO DE ACCESO ADICIONAL DE MATERIA--TÉRMINO DE MATERIA
Término de materia o nombre geográfico como elemento de entrada Cuentos dominicanos
9 (RLIN) 176
650 #4 - PUNTO DE ACCESO ADICIONAL DE MATERIA--TÉRMINO DE MATERIA
Término de materia o nombre geográfico como elemento de entrada Literatura dominicana.
9 (RLIN) 67
700 1# - PUNTO DE ACCESO ADICIONAL--NOMBRE DE PERSONA
Nombre de persona Cepeda, Miguel,
Término indicativo de función/relación ilustrador
Código de función/relación il.
9 (RLIN) 1255
700 1# - PUNTO DE ACCESO ADICIONAL--NOMBRE DE PERSONA
Nombre de persona Cordero, Lina,
Término indicativo de función/relación corrector
Código de función/relación co.
9 (RLIN) 85157
700 1# - PUNTO DE ACCESO ADICIONAL--NOMBRE DE PERSONA
Nombre de persona Armando, Juan Freddy,
Fechas asociadas al nombre 1951-
Término indicativo de función/relación corrector
Código de función/relación co.
9 (RLIN) 22233
910 ## - DATOS DE OPCIÓN DEL USUARIO (OCLC)
Datos de opción del usuario LP. Validado control de calidad/MAA
942 ## - ELEMENTOS DE PUNTO DE ACCESO ADICIONAL (KOHA)
Fuente del sistema de clasificación o colocación Dewey Decimal Classification
Tipo de ítem Koha Libro
Holdings
Estado de retiro Estado de pérdida Fuente del sistema de clasificación o colocación Restricciones de uso No para préstamo Código de colección Localización permanente Ubicación/localización actual Ubicación en estantería Fecha de adquisición Fuente de adquisición Total de préstamos Signatura topográfica completa Código de barras Fecha visto por última vez Precio válido a partir de Tipo de ítem Koha Número de copia
    Dewey Decimal Classification Excluido de préstamo   Patrimonio Dominicano Biblioteca Nacional Pedro Henríquez Ureña Biblioteca Nacional Pedro Henríquez Ureña Depósito 08.04.2024 Depósito Legal   BNPHU PD RD863.44 A445f 2024-1914 08.04.2024 08.04.2024 Libro  
    Dewey Decimal Classification Excluido de préstamo   Patrimonio Dominicano Biblioteca Nacional Pedro Henríquez Ureña Biblioteca Nacional Pedro Henríquez Ureña Depósito 01.05.2024 Deposito Legal   BNPHU PD RD863.44 A445f 2024-3520 14.06.2024 14.06.2024 Libro e.2
    Dewey Decimal Classification Préstamo en sala   Dominicana de Servicio Biblioteca Nacional Pedro Henríquez Ureña Biblioteca Nacional Pedro Henríquez Ureña Depósito 01.05.2024 Deposito Legal   BNPHU DS RD863.44 A445f 2024-3521 14.06.2024 14.06.2024 Libro e.3
    Dewey Decimal Classification Préstamo en sala   Dominicana de Servicio Biblioteca Nacional Pedro Henríquez Ureña Biblioteca Nacional Pedro Henríquez Ureña Depósito 23.02.2024 Donado por Banreservas   BNPHU DS RD863.44 A445f 2025-9309 02.09.2025 02.09.2025 Libro e.4
    Dewey Decimal Classification Préstamo en sala   Dominicana de Servicio Biblioteca Nacional Pedro Henríquez Ureña Biblioteca Nacional Pedro Henríquez Ureña Depósito 02.09.2025 Donado por Banreservas   BNPHU DS RD863.44 A445f 2025-9310 02.09.2025 02.09.2025 Libro e.5

Powered by Koha